000
00296nam a2200133Ia 4500
100
_a
Thomas/Robert M.
942
_c
BK
654
_a
Auto cad release 12
245
_a
Advanced Auto cad Release 12
260
_b
B.P.B. Pub
_a
New Delhi
_c
1993
300
_a
485
546
_a
ENGLISH
999
_c
30498
_d
30498